| 000 | 00753nam a22002417a 4500 | ||
|---|---|---|---|
| 003 | DO-SdBNP | ||
| 005 | 20220328130632.0 | ||
| 008 | 210426b dr 00| 0 spa d | ||
| 020 | _a9789945167320 | ||
| 040 |
_aBPMSU _bspa _cBPMSU |
||
| 082 |
_aRD863.44 _bG216c 2016 _222 |
||
| 092 | _a | ||
| 100 | 1 |
_aGarcía, Diógenes _d1950 - |
|
| 245 | 1 | 4 |
_aLos cuentos de un pensador en dos siglos XX y XXI / _cDiógenes García |
| 260 |
_aSanto Domingo: _bBuho, _c2016 |
||
| 300 |
_a157 p. : _c21 cm. |
||
| 500 | _3Incluye datos biográficos del autor en la solapa de la cubierta | ||
| 590 | _aInventariado, 2022/VM | ||
| 650 | 4 | _aCuentos juveniles dominicanos | |
| 650 | 4 | _aLiteratura juvenil dominicana | |
| 910 | _aMcabrera/VMateo V. | ||
| 942 |
_2ddc _cBK |
||
| 999 |
_c13433 _d13433 |
||